| 000 | nam a22 7a 4500 | ||
|---|---|---|---|
| 999 |
_c56042 _d56042 |
||
| 003 | OSt | ||
| 005 | 20221118101327.0 | ||
| 008 | 221118b xxu||||| |||| 00| 0 eng d | ||
| 040 | _cIIMT COLLEGE OF ENGINEERING,GREATER NOIDA | ||
| 100 | _aKOONTZ,HAROLD & ET.AL | ||
| 245 | _aESSENTIALS OF MANAGEMENT | ||
| 260 |
_aNEW DELHI _bMGH _c2022 |
||
| 300 | _a590 | ||
| 942 |
_2ddc _c02 |
||